000
00347 a2200157 4500
001
152879
040
_c
Escola São Tomás de Aquino
100
_a
MUNIZ, Flávia
240
1
0
_a
O jogo do pega-pega
_l
por
245
1
0
_a
O jogo do pega-pega
300
_a
28
362
0
_a
2012
440
1
_a
FTD
697
_a
*LITERATURA INFANTIL
942
_c
BK
999
_c
152879
_d
152879